000
00249nam a2200109Ia 4500
008
220714s9999 xx 000 0 und d
020
_a
0 799347256
082
_a
AF LOUW
100
_a
LUBBE A
_9
142288
245
0
_a
PRYS VAN DIE LIEFDE
942
_c
BK
_y
561
_z
John Tresidder
999
_c
713289
_d
713288